00516nam a2200205 a 4500001001300000003000900013005001700022008004100039020001000080082001600090100002100106245003900127260003000166300000800196500003500204505001000239650001800249650002200267700002100289nice12345678IN_TiNIC20260116012125.0050524s1962 baga grp 000 0 eng  ac10000a892.76bIZZ aIzzedien, Yousif aPoetry and Iraqi Society 1900-1945 aBaghdadbAani Pressc1962 a63p aincludes index and biblioraphy2 aIndex aArabic-Poetry aCivilization-Iran1 aIzzedien, Yousif